Computer simulations in compact heat exchangers / (Record no. 566583)
[ view plain ]
| 000 -LEADER | |
|---|---|
| fixed length control field | 00998cam a2200289 a 4500 |
| 001 - CONTROL NUMBER | |
| control field | 4948013 |
| 003 - CONTROL NUMBER IDENTIFIER | |
| control field | CEME |
| 005 - DATE AND TIME OF LATEST TRANSACTION | |
| control field | 20210628201622.0 |
| 008 - FIXED-LENGTH DATA ELEMENTS--GENERAL INFORMATION | |
| fixed length control field | 960813s1998 enk b 000 0 eng d |
| 010 ## - LIBRARY OF CONGRESS CONTROL NUMBER | |
| LC control number | 96086052 |
| 020 ## - INTERNATIONAL STANDARD BOOK NUMBER | |
| International Standard Book Number | 1853124486 |
| 035 ## - SYSTEM CONTROL NUMBER | |
| System control number | (OCoLC)38935533 |
| 040 ## - CATALOGING SOURCE | |
| Original cataloging agency | PSt |
| Transcribing agency | PSt |
| Modifying agency | DLC |
| 042 ## - AUTHENTICATION CODE | |
| Authentication code | lccopycat |
| 050 00 - LIBRARY OF CONGRESS CALL NUMBER | |
| Classification number | TP363 |
| Item number | .C645 1998 |
| 082 00 - DEWEY DECIMAL CLASSIFICATION NUMBER | |
| Classification number | 621.402/5 |
| Edition number | 21 |
| 245 00 - TITLE STATEMENT | |
| Title | Computer simulations in compact heat exchangers / |
| Statement of responsibility, etc. | editors, B. Sundén, M. Faghri. |
| 260 ## - PUBLICATION, DISTRIBUTION, ETC. | |
| Place of publication, distribution, etc. | Southampton, UK ; |
| -- | Boston : |
| Name of publisher, distributor, etc. | Computational Mechanics Publications, |
| Date of publication, distribution, etc. | c1998. |
| 300 ## - PHYSICAL DESCRIPTION | |
| Extent | 254 p. : |
| Other physical details | ill. ; |
| Dimensions | 24 cm. |
| 440 #0 - SERIES STATEMENT/ADDED ENTRY--TITLE | |
| Title | International series on developments in heat transfer ; |
| Volume/sequential designation | v. 1 |
| 9 (RLIN) | 55723 |
| 504 ## - BIBLIOGRAPHY, ETC. NOTE | |
| Bibliography, etc. note | Includes bibliographical references. |
| 650 #0 - SUBJECT ADDED ENTRY--TOPICAL TERM | |
| Topical term or geographic name entry element | Heat exchangers |
| General subdivision | Fluid dynamics |
| -- | Computer simulation. |
| 9 (RLIN) | 56032 |
| 650 #0 - SUBJECT ADDED ENTRY--TOPICAL TERM | |
| Topical term or geographic name entry element | Heat |
| General subdivision | Transmission |
| -- | Computer simulation. |
| 9 (RLIN) | 56033 |
| 700 1# - ADDED ENTRY--PERSONAL NAME | |
| Personal name | Sundén, Bengt. |
| 9 (RLIN) | 56034 |
| 700 1# - ADDED ENTRY--PERSONAL NAME | |
| Personal name | Faghri, Mohammad. |
| 9 (RLIN) | 56035 |
| 942 ## - ADDED ENTRY ELEMENTS (KOHA) | |
| Source of classification or shelving scheme | |
| Koha item type | Book |
| Withdrawn status | Lost status | Source of classification or shelving scheme | Damaged status | Not for loan | Permanent Location | Current Location | Shelving location | Date acquired | Total Checkouts | Full call number | Barcode | Date last seen | Price effective from | Koha item type |
|---|---|---|---|---|---|---|---|---|---|---|---|---|---|---|
| College of Electrical & Mechanical Engineering (CEME) | College of Electrical & Mechanical Engineering (CEME) | General Stacks | 02/23/2017 | 621.4025 COM | CEME-40096 | 06/28/2021 | 06/28/2021 | Book |
